| 000 | 01130nam a2200253Ia 4500 | ||
|---|---|---|---|
| 001 | 10767 | ||
| 003 | GE_BSU | ||
| 008 | 181216s||||||||xx |||||||||||||| ||und|| | ||
| 020 | _a9789941934346 | ||
| 040 | _cGE_BSU | ||
| 080 | _a343(4) | ||
| 100 | _aჯიშკარიანი,ბაჩანა | ||
| 245 | _aევროპული სისხლის სამართალი=EUROPALSHES STRAFRECHT:ევროკავშირის ფარგლებში. | ||
| 245 | _cრედ:გიორგი დგებუაძე. | ||
| 260 | _aთბილისი | ||
| 260 | _bიურისტების სამყარო | ||
| 260 | _c2013 | ||
| 300 | _a258გვ;22სმ. | ||
| 300 | _bპარალ.თავფ.გერმ.ენაზე. - ბიბლიოგრ.ტექსტ.შენიშვნ.გვ:235-256. | ||
| 541 | _h20ლ.15თ. | ||
| 653 | _aევროპული სისხლის სამართალი=EUROPALSHES STRAFRECHT:ევროკავშირის ფარგლებში. | ||
| 653 | _aსამართალი | ||
| 942 | _cBK | ||
| 999 |
_c44017 _d44017 |
||